Európska únia encyklopédia
Guardado en:
| Autor principal: | |
|---|---|
| Formato: | Libro |
| Lenguaje: | eslovaco |
| Publicado: |
Bratislava
Sprint vfra
1998
|
| Materias: | |
| Etiquetas: |
Sin Etiquetas, Sea el primero en etiquetar este registro!
|
MARC
| LEADER | 00000nam a2200000 4500 | ||
|---|---|---|---|
| 001 | c102504 | ||
| 005 | 20221123132748.3 | ||
| 020 | |a 80-88848-32-6 | ||
| 041 | 0 | |a slo | |
| 044 | |a SK | ||
| 245 | 1 | 0 | |a Európska únia |b encyklopédia |c Drahoš Šíbl |
| 264 | 1 | |a Bratislava |b Sprint vfra |c 1998 | |
| 300 | |a 343 s. | ||
| 610 | 2 | 0 | |a Európska únia |
| 100 | 1 | |a Šíbl, Drahoš | |